¿Qué se oculta tras el arreglo de la economía china? /
Kaydedildi:
| Yazar: | |
|---|---|
| Diğer Yazarlar: | |
| Materyal Türü: | Metin |
| Etiketler: |
Etiketle
Etiket eklenmemiş, İlk siz ekleyin!
|
MARC
| LEADER | 00000 a a2200000 04500 | ||
|---|---|---|---|
| 001 | 47024 | ||
| 003 | |||
| 040 | |||
| 100 | |a Vanin, V. | ||
| 245 | |a ¿Qué se oculta tras el arreglo de la economía china? / |c V. aVanin | ||
| 700 | |a Liudin, S. | ||
| 773 | |g suplemento número3, (1981), páginas 61-71 | ||
| 999 | |c 29417 |d 29417 | ||
